000 00460nam a2200181Ia 4500
005 20250326142508.0
008 250326s9999 xx 000 0 und d
037 _aTextbook
040 _aFMSL
_beng
_cFMSL
041 _aeng
_2eng
084 _qFMSL
100 _aBentley T J
_9736814
245 0 _aBridging the performance gap
_cBentley T J
260 _aEngland
_bEngland, Gower
_c1996
300 _a190p
942 _cTB
999 _c1295298
_d1295298